000 01758nam0a2200397 4500
001 RU\NLR\bibl\1671500
005 20260407073152.0
010 _a978-5-9776-0155-9
_91000
021 _aRU
_b2010-59397
_93889
035 _a(nilc)RSL-KNO-004714801
035 _a(LIBNET)LIBNET\0000010849
035 _a(NLR Aleph) 001662757
090 _a992066
_c992066
100 _a20100225d2010 |||y0rusy50 ca
101 0 _arus
102 _aRU
105 _ay z||||||||
200 1 _aЭкономические интересы России в условиях глобализации
_fВ. С. Загашвили
_gИнститут мировой экономики и международных отношений РАН
210 _aМосква
_cМагистр
_d2010
215 _a429 с.
_d22
320 _aБиблиогр. в подстроч. примеч.
606 1 _aЭкономические интересы
_yРоссийская Федерация
_92104843
_3RU\NLR\auth\661272590
607 _aРоссийская Федерация
_xЭкономические взаимоотношения
_92071077
_3RU\NLR\auth\661245821
686 _aУ9(2)0-18,0
_2rubbk
686 _aУ03(2Р)74
686 _aУ9(2)8(2Р)
700 1 _aЗагашвили
_bВ. С.
_gВладислав Степанович
_4070
712 0 2 _4475
_aИнститут мировой экономики и международных отношений
_cМосква
_3RU\NLR\AUTH\883073
_9277290
801 0 _aRU
_bАгентство CIP РГБ
_c20100225
_grcr
801 1 _aRU
_bАгентство CIP РГБ
_c20100225
801 1 _aRU
_bРГБ
_c20100225
801 2 _aRU
_bNLR
_c20100906
_grcr
942 _cBOOK
980 _aNB